| 000 | 00684nam a2200289Ia 4500 | ||
|---|---|---|---|
| 005 | 20260324150117.0 | ||
| 008 | 008 260324s9999 xx 000 0 eng d | ||
| 020 | _a9781003453192 | ||
| 037 | _aEBOOK | ||
| 040 | _aCRL | ||
| 040 | _beng | ||
| 040 | _cCRL | ||
| 041 | _2eng | ||
| 041 | _aeng | ||
| 084 | _qCRL | ||
| 100 |
_aPeter H. Fricke _91225293 |
||
| 245 | 0 | _aSeafarer & Community | |
| 245 | 0 | _bTowards a Social Understanding of Seafaring | |
| 260 | _bTaylor and Francis | ||
| 260 | _c1973 | ||
| 365 | _a | ||
| 365 | _b160 | ||
| 856 | _uhttp://www.taylorfrancis.com/books/9781003453192 | ||
| 942 | _cEBOOK | ||
| 999 |
_c1834200 _d1834200 |
||